|
|
|
|
| LEADER |
00834cam a2200205 7i4500 |
| 001 |
0000026117 |
| 005 |
20110601090000.0 |
| 020 |
0 |
0 |
|a 9780872286184
|
| 090 |
0 |
0 |
|a P 381.13
|b WOM
|
| 245 |
0 |
0 |
|a Women's & children's wear buyers 2011-12 edition.
|
| 260 |
0 |
0 |
|a Richmond:
|b The Salesman's Guide,
|c 2011.
|
| 300 |
# |
# |
|a 436 p.
|
| 650 |
0 |
0 |
|a Women's clothing buyers --
|x Directories --
|z United States of America
|
| 650 |
0 |
0 |
|a Children's clothing buyers --
|x Directories --
|z United States of America
|
| 650 |
0 |
0 |
|a Women's clothing buyers --
|x Directories --
|z Canada
|
| 650 |
0 |
0 |
|a Children's clothing buyers --
|x Directories --
|z Canada
|
| 651 |
0 |
0 |
|a United States of America
|
| 651 |
0 |
0 |
|a Canada
|
| 999 |
|
|
|a B000028544
|b Directories
|c Products
|e Business Information Centre
|
| 999 |
|
|
|a B000025844
|b Directories
|c Countries
|e Business Information Centre
|